The moon is down

Đã lưu trong:
Chi tiết về thư mục
Tác giả chính: Steinbeck, John (Tác giả)
Định dạng: Sách
Ngôn ngữ:Tiếng Anh
Được phát hành: Londres William Heinemann 1942
Những chủ đề:
Các nhãn: Thêm thẻ
Không có thẻ, Là người đầu tiên thẻ bản ghi này!

MARC

LEADER 00000nam a2200000 a 4500
001 UCP1912
003 CL-VaPUC
008 990426e19420000UK |||||||||||||||||eng|d
082 0 4 |a 813  |b STE  |2 21 
100 0 |a Steinbeck, John  |e author  |9 416388 
245 1 4 |a The moon is down 
300 |a 120 p 
942 |c BK 
945 |d 19990426 00:00:00  |a lriquelm 
260 |a Londres  |b William Heinemann  |c 1942 
650 0 |a Novelas estadounidenses  |9 265217 
650 0 |a Literatura estadounidense  |9 317168 
583 |a last modification  |c 19990426 00:00:00  |k Rodrigo Vera 
999 |c 280541  |d 280539 
952 |0 0  |1 0  |4 0  |6 813_000000000000000_STE_1942  |7 0  |8 A  |9 320882  |a BIBEDU  |b BIBEDU  |d 2019-11-20  |i 1338374  |o 813 STE 1942  |p 1338374  |r 2019-11-20  |w 2019-11-20  |y BK  |k LIT